000 00968nam0a22002771 4500
001 rc\3767620
005 20120127163542.9
021 _aRU
_b76-ОЭ-11/5
021 _aRU
_bРг1896-76
035 _a(NLR Aleph) 007218653
090 _a7690576
_c7690576
100 _a20120127d1975 |||y0rusy50 ca
101 0 _arus
102 _aRU
105 _ay z |||||
200 1 _aСборник задач по экономике промышленности
_fМ-во пут. сообщ. СССР. Ом. ин-т инженеров ж.-д. транспорта. Кафедра экономики транспорта
210 _aОмск
_cБ. и.
_d1975
215 _a16 с.
_d21
300 _aСост. указан в вып. дан.
320 _aБиблиогр.: с. 16
700 1 _aАкользина
_bГ. И.
_gГалина Ивановна
801 0 _aRU
_bNLR
_gpsbo
801 1 _aRU
_bELAR
_2rusmarc
852 _aNLR
_j76-4/4093
942 _cBOOK
980 _aNB